| 000 | 00476nam a2200157 a 4500 | ||
|---|---|---|---|
| 005 | 20140412111302.0 | ||
| 008 | 001108s19uu xx 00 eng d | ||
| 020 | _a0-7214-1565-2 | ||
| 050 |
_aER _bSl1 1993 |
||
| 245 |
_aThe sly fox and the little red hen / _cillustratd by Brian Price Thomas. |
||
| 260 |
_aLeicestershire, UK : _bLadybird Books Ltd, _c19 - - |
||
| 300 | _a1 v. (unp.) ; ill. | ||
| 650 | _aHens stories - - Fiction | ||
| 650 | _aFolktales | ||
| 999 |
_c103461 _d103461 |
||